Cristóbao Colombo e Johann Staden: um dialogo no reino dos mortos

Salvato in:
Dettagli Bibliografici
Ente Autore: Instituto de Estudios Brasileiros (Autore)
Natura: Libro
Lingua:spagnolo
Pubblicazione: Sao Paulo Instituto de Estudios Brasileiros 1992
Soggetti:
Tags: Aggiungi Tag
Nessun Tag, puoi essere il primo ad aggiungerne!!

MARC

LEADER 00000nam a2200000 a 4500
001 UCO3124
003 CL-VaPUC
008 000714e19920000BL |||||||||||||||||spa|d
082 0 4 |a 980.0072  |b INS  |2 21 
110 2 |a Instituto de Estudios Brasileiros  |e author  |9 446997 
245 1 0 |a Cristóbao Colombo e Johann Staden: um dialogo no reino dos mortos 
300 |a 78 p 
942 |c BK 
945 |d 20000714 00:00:00  |a rherrera 
260 |a Sao Paulo  |b Instituto de Estudios Brasileiros  |c 1992 
600 0 7 |a COLON, CRISTOBAL  |2 CL-VaPUC  |9 265189 
600 0 7 |a STADEN, JOHANN  |2 CL-VaPUC  |9 446998 
650 0 |a Historia de América  |9 266076 
650 7 |a DESCUBRIMIENTO DE AMERICA  |2 CL-VaPUC  |9 446999 
650 0 |a Historiografía   |9 257871 
650 0 |a Fuentes de la historia  |9 323547 
651 0 |a América  |9 255182 
583 |a last modification  |c 20000714 00:00:00  |k Rodrigo Vera 
999 |c 289594  |d 289592 
952 |0 0  |1 0  |4 0  |6 980_007200000000000_INS_1992  |7 0  |8 A  |9 338152  |a BIBHIS  |b BIBHIS  |d 2019-11-20  |i 1289675  |o 980.0072 INS 1992  |p 1289675  |r 2025-01-20  |w 2019-11-20  |y BK  |k HIS